|
|
|
|
| LEADER |
01011nam a2200253 a 4500 |
| 001 |
2249646 |
| 008 |
091219s1978 maua b 001 0 eng d |
| 010 |
|
|
|a 77078901
|
| 020 |
|
|
|a 0395255082
|
| 040 |
|
|
|a DLC
|c DLC
|d DLC
|c BD-DhAAL
|
| 082 |
0 |
0 |
|a 301.45/1/042
|2 18
|
| 100 |
1 |
|
|a Berry, Brewton.
|
| 245 |
1 |
0 |
|a Race and ethnic relations /
|c Brewton Berry, Henry L. Tischler.
|
| 250 |
|
|
|a 4th ed.
|
| 260 |
|
|
|a Boston :
|b Houghton Mifflin,
|c c1978.
|
| 300 |
|
|
|a xv, 433 p. :
|b ill. ;
|c 24 cm.
|
| 500 |
|
|
|a First ed. published in 1951 under title: Race relations.
|
| 504 |
|
|
|a Includes bibliography: [p. 411-420] and index.
|
| 541 |
1 |
|
|e 00009711
|
| 650 |
|
0 |
|a Race relations.
|
| 700 |
1 |
|
|a Tischler, Henry L.,
|e joint author.
|
| 852 |
4 |
|
|a Ayesha Abed Library
|j General Shelf.
|
| 999 |
|
|
|c 6258
|d 6258
|
| 952 |
|
|
|0 0
|1 0
|2 ddc
|4 0
|6 301_451042000000000_BER_1978
|7 0
|9 6295
|a BRACUL
|b BRACUL
|c GEN
|d 2009-12-20
|g 0.00
|l 1
|m 3
|o 301.451042 BER
|p 3010009711
|r 2023-04-16
|s 2023-04-03
|t 1
|w 2009-12-20
|y BK
|x No price found in the accession register.
|